STATE and Society vol. 1 No. 1. March, 2009 / (Record no. 14105)

MARC details
000 -LEADER
fixed length control field 00782nam a2200229Ia 4500
008 - FIXED-LENGTH DATA ELEMENTS--GENERAL INFORMATION
fixed length control field 210303s9999 xx 000 0 und d
016 ## - NATIONAL BIBLIOGRAPHIC AGENCY CONTROL NUMBER
Source retro2021
020 ## - INTERNATIONAL STANDARD BOOK NUMBER
ISBN 22769269
040 ## - CATALOGING SOURCE
Original cataloging agency NLN
Language of cataloging English
Description conventions AACR2
245 #0 - TITLE STATEMENT
Title STATE and Society vol. 1 No. 1. March, 2009 /
Statement of responsibility, etc edited by O. Alanana
260 ## - PUBLICATION, DISTRIBUTION, ETC. (IMPRINT)
Place of publication Benin City, Edo State (56 & 58 1st East Circular Road) :
Name of publisher Justice Jeco Press,
Date of publication 2009
300 ## - COLLATION
Pagination v, [?]p. :
Other physical details ill. ; 23cm.
500 ## - GENERAL NOTE
General note Includes bibliographical references
563 ## - BINDING INFORMATION
Binding note (pbk)
650 ## - TRACINGS
Main Subject Social sciences and state
Subdivision (1st) Nigeria
Subdivision (2nd) Periodical
650 ## - TRACINGS
Main Subject Sociology
Subdivision (1st) Nigeria
Subdivision (2nd) Periodical
700 ## - ADDITIONAL AUTHOR
Additional Author <a href="Alanana, O.">Alanana, O.</a>
Relator term edt
700 ## - ADDITIONAL AUTHOR
Additional Author <a href="Justice Jeco Press">Justice Jeco Press</a>
Relator term edt
942 ## - ADDED ENTRY ELEMENTS (KOHA)
Suppress in OPAC No
Item type Books
050 ## - LIBRARY OF CONGRESS CALL NUMBER
Classification number HM403.N685
Item number S797
082 ## - DEWEY DECIMAL CLASSIFICATION NUMBER
Classification number 300.5
Holdings
Source of classification or shelving scheme Not for loan Home library Current library Date acquired Full call number Barcode. Koha item type
Library of Congress Classification   IBADAN BRANCH LIBRARY National Library of Nigeria 04/03/2021 HM403.N685 S797 2023-1011425380 Books
Library of Congress Classification   LAGOS BRANCH National Library of Nigeria 04/11/2023 HM403.N685 S797 2023-1011425381 Books
Library of Congress Classification   ABUJA LIBRARY BRANCH National Library of Nigeria 04/11/2023 HM403.N685 S797 2023-1011425382 Books

National Library of Nigeria OPAC is powered by Koha